00764nam a22002297a 4500003000500000005001700005008004100022010001000063011001000073035001000083040000900093100001800102245006600120260005500186300003000241490008600271650002300357650002900380650002600409700001300435830008600448CHAP20220329140504.0971013s1972 r 00010 d a52709 a53681 a57831 cCHAP00aFidler, J. C. aRefrigerated storage of apples and pearsb: a practical guide aSlough :bCommonwealth Agricultural Bureaux,c1972 a65 p.b: ilus. ; gráfs. aCommonwealth Bureau of Horticulture and Plantation Crop.Horticultural Reviewv; 214aManzana congelada.14aManzanaxAlmacenamiento.14aPeraxAlmacenamiento.0 aMann, G.0 aCommonwealth Bureau of Horticulture and Plantation Crop.Horticultural Reviewv; 2